Networks in Cell Biology (Record no. 7109)

MARC details
000 -LEADER
fixed length control field 03595cam a2200349 a 4500
001 - CONTROL NUMBER
control field 16040786
003 - CONTROL NUMBER IDENTIFIER
control field OSt
005 - DATE AND TIME OF LATEST TRANSACTION
control field 20231028084815.0
008 - FIXED-LENGTH DATA ELEMENTS--GENERAL INFORMATION
fixed length control field 100105s2010 enka b 001 0 eng
010 ## - LIBRARY OF CONGRESS CONTROL NUMBER
LC control number 2010000127
015 ## - NATIONAL BIBLIOGRAPHY NUMBER
National bibliography number GBB046108
Source bnb
016 7# - NATIONAL BIBLIOGRAPHIC AGENCY CONTROL NUMBER
Record control number 015522281
Source Uk
020 ## - INTERNATIONAL STANDARD BOOK NUMBER
International Standard Book Number 9780521882736 (hardback)
020 ## - INTERNATIONAL STANDARD BOOK NUMBER
International Standard Book Number 0521882737 (hardback)
035 ## - SYSTEM CONTROL NUMBER
System control number (OCoLC)ocn500241736
040 ## - CATALOGING SOURCE
Original cataloging agency DLC
Transcribing agency DDC
Modifying agency YDXCP
-- BWKUK
-- BWK
-- CDX
-- UKM
-- BWX
-- DLC
050 00 - LIBRARY OF CONGRESS CALL NUMBER
Classification number QH604
Item number .M63 2010
082 00 - DEWEY DECIMAL CLASSIFICATION NUMBER
Classification number 571.6 NET2010
100 ## - MAIN ENTRY--PERSONAL NAME
Personal name Edited by Buchanan M.; Caldarelli G.; Vendruscolo M.;
9 (RLIN) 14650
245 00 - TITLE STATEMENT
Title Networks in Cell Biology
260 ## - PUBLICATION, DISTRIBUTION, ETC. (IMPRINT)
Place of publication, distribution, etc. Cambridge;
Name of publisher, distributor, etc. Cambridge University Press,
Date of publication, distribution, etc. 2010.
300 ## - PHYSICAL DESCRIPTION
Extent x, 271 p. :
Other physical details ill. ;
Dimensions 26 cm.
504 ## - BIBLIOGRAPHY, ETC. NOTE
Bibliography, etc Includes; bibliographical references and index.
505 8# - FORMATTED CONTENTS NOTE
Formatted contents note Machine generated contents note: Introduction; 1. Network views of the cell Paolo De Los Rios and Michele Vendruscolo; 2. Transcriptional regulatory networks Sarath Chandra Janga and M. Madan Babu; 3. Transcription factors and gene regulatory networks Matteo Brilli, Elissa Calistri and Pietro Lió; 4. Experimental methods for protein interaction identification Peter Uetz, Björn Titz, Seesandra V. Rajagopala and Gerard Cagney; 5. Modeling protein interaction networks Francesco Rao; 6. Dynamics and evolution of metabolic networks Daniel Segre;; 7. Hierarchical modularity in biological networks: the case of metabolic networks Erzse;bet Ravasz Regan; 8. Signalling networks Gian Paolo Rossini; Appendix 1. Complex networks: from local to global properties D. Garlaschelli and G. Caldarelli; Appendix 2. Modelling the local structure of networks D. Garlaschelli and G. Caldarelli; Appendix 3. Higher-order topological properties S. Ahnert, T. Fink and G. Caldarelli; Appendix 4. Elementary mathematical concepts A. Gabrielli and G. Caldarelli; References.
520 ## - SUMMARY, ETC.
Summary, etc. "The science of complex biological networks is transforming research in areas ranging from evolutionary biology to medicine. This is the first book on the subject, providing a comprehensive introduction to complex network science and its biological applications. With contributions from key leaders in both network theory and modern cell biology, this book discusses the network science that is increasingly foundational for systems biology and the quantitative understanding of living systems. It surveys studies in the quantitative structure and dynamics of genetic regulatory networks, molecular networks underlying cellular metabolism, and other fundamental biological processes. The book balances empirical studies and theory to give a unified overview of this interdisciplinary science. It is a key introductory text for graduate students and researchers in physics, biology and biochemistry, and presents ideas and techniques from fields outside the reader's own area of specialization"--Provided by publisher.
520 ## - SUMMARY, ETC.
Summary, etc. "Biologists now have access to a virtually complete map of all the genes in the human genome, and in the genomes of many other species. They are aggressively assembling a similarly detailed knowledge of the proteome, the full collection of proteins encoded by those genes, and the transcriptome, the diverse set of mRNA"--Provided by publisher.
650 #0 - SUBJECT ADDED ENTRY--TOPICAL TERM
Topical term or geographic name as entry element Biology
9 (RLIN) 5602
856 42 - ELECTRONIC LOCATION AND ACCESS
Materials specified Cover image
Uniform Resource Identifier <a href="http://assets.cambridge.org/97805218/82736/cover/9780521882736.jpg">http://assets.cambridge.org/97805218/82736/cover/9780521882736.jpg</a>
906 ## - LOCAL DATA ELEMENT F, LDF (RLIN)
a 7
b cbc
c orignew
d 1
e ecip
f 20
g y-gencatlg
942 ## - ADDED ENTRY ELEMENTS (KOHA)
Source of classification or shelving scheme Dewey Decimal Classification
Koha item type Open Shelf
Holdings
Withdrawn status Lost status Source of classification or shelving scheme Damaged status Not for loan Home library Current library Date acquired Source of acquisition Inventory number Total Checkouts Full call number Barcode Date last seen Koha item type
    Dewey Decimal Classification     MUST Main Library MUST Main Library 03/09/2021 donation 12/35983   571.6 NET2010 2021-0836 03/09/2021 Open Shelf